Statistics for Eurasia

Click here to take the quiz!

General Stats

  • This quiz has been taken 14 times
  • The average score is 7 of 15

Answer Stats

EuropeAsia% Correct
AlbaniaAfghanistan
73%
BosniaBahrain
55%
CroatiaCambodia
55%
CroatiaChina
55%
LiechtensteinLaos
55%
MonacoMongolia
55%
SerbiaSyria
55%
KosovoKyrgyzstan
45%
MonacoMyanmar
45%
NetherlandsNorth Korea
45%
SerbiaSaudi Arabia
45%
SlovakiaSouth Korea
45%
MoldovaMaldives
36%
NorwayNepal
36%
SerbiaSri Lanka
36%

Score Distribution

Percentile by Number Answered

Percent of People with Each Score

Your Score History

You have not taken this quiz